|
|
|
|
| LEADER |
00000nam0a2200000 4500 |
| 001 |
141664 |
| 005 |
20231101220926.0 |
| 035 |
|
|
|a (RuTPU)RU\TPU\book\153559
|
| 090 |
|
|
|a 141664
|
| 100 |
|
|
|a 20080825d1975 m y0rusy50 ca
|
| 101 |
0 |
|
|a rus
|
| 102 |
|
|
|a RU
|
| 105 |
|
|
|a a j 001zy
|
| 200 |
1 |
|
|a Возможность расчета параметров процесса окисления битумов
|e учебное пособие
|f Д. А. Розенталь, Т. Ф. Отрадных
|g Ленинградский технологический институт им. Ленсовета (ЛТИ)
|
| 210 |
|
|
|a Ленинград
|c [Б. и.]
|d 1975
|
| 215 |
|
|
|a 97 с.
|c ил.
|
| 320 |
|
|
|a Библиография в конце книги.
|
| 606 |
1 |
|
|a Битумы нефтяные
|x Окисление
|2 stltpush
|3 (RuTPU)RU\TPU\subj\34050
|9 56111
|
| 610 |
1 |
|
|a расчет
|
| 610 |
1 |
|
|a параметры
|
| 610 |
1 |
|
|a окисление
|
| 610 |
1 |
|
|a битумы
|
| 610 |
1 |
|
|a учебные пособия
|
| 675 |
|
|
|a 665.637.8(075.8)
|v 3
|
| 700 |
|
1 |
|a Розенталь
|b Д. А.
|g Дмитрий Александрович
|
| 701 |
|
1 |
|a Отрадных
|b Т. Ф.
|
| 712 |
0 |
2 |
|a Ленинградский технологический институт им. Ленсовета (ЛТИ)
|2 stltpush
|3 (RuTPU)RU\TPU\col\1462
|
| 801 |
|
1 |
|a RU
|b 63413507
|c 20080825
|g PSBO
|
| 801 |
|
2 |
|a RU
|b 63413507
|c 20190121
|g PSBO
|
| 942 |
|
|
|c BK
|